| 000 | 00581nam a22001937a 4500 | ||
|---|---|---|---|
| 003 | LK-CoMWRAF | ||
| 005 | 20231022140513.0 | ||
| 008 | 231008b1991 |||||||| |||| 00| 0 eng d | ||
| 040 |
_aLK-CoMWRAF _dLK-CoMWRAF _eLK-CoMWRAF |
||
| 041 | _aeng | ||
| 082 |
_a181 _bKRI |
||
| 100 | _aKrishnamurti, J. | ||
| 245 |
_aKrishnamurti to himself : _bhis last journal |
||
| 260 |
_aMadras: _bKrishnamurti foundation India, _c1991 |
||
| 300 | _a134 p. ; 22 cm. | ||
| 650 | _aSPIRITUAL LIFE | ||
| 856 | _uhttps://selfdefinition.org/krishnamurti/Jiddu_Krishnamurt_to_Himself.pdf | ||
| 942 | _cBK | ||
| 999 |
_c3811 _d3811 |
||